000 01868nam a2200361Ia 4500
001 9780203835357
003 BD-DhSAU
005 20151012151723.0
006 a|||||s|||||||||||
007 cr||||
008 101213t20111985enk sb 001 0 eng d
020 _a9780203835357 (e-book : PDF)
040 _aBD-DhSAU
_cBD-DhSAU
090 _aHD75
_b.P74 2011
092 _a338.9001
_bP939
100 1 _aPreston, P. W.
_q(Peter Wallace),
_d1949-
245 1 0 _aNew trends in development theory
_h[electronic resource] :
_bessays in development and social theory /
_cP.W. Preston.
260 _aLondon :
_bRoutledge,
_c2011, c1985.
300 _aix, 203 p.
490 0 _aRoutledge library editions. Development ;
_vv. 108
500 _aFirst published in 1985.
504 _aIncludes bibliographical references (p. 195-199) and index.
505 0 _a1. Some notes on the significance of the career of development studies -- 2. The specificity of social-theoretic engagement : some lessons for 'neo-marxian' studies of development -- 3. Becoming industrialized, being industrial : a brief analysis of a particular planning mode of engagement -- 4. The impact of the 'received model' of natural science upon social theorizing -- 5. Comparative ranking : some approaches to the task of rationally adjudicating between competing ideologies -- 6. The ethico-political notion of development : a memorandum on commitments -- 7. The common sense of development studies : elements of reconsideration.
530 _aAlso available in print edition.
538 _aMode of access: World Wide Web.
650 0 _aEconomic development.
650 0 _aSociology
_xMethodology.
655 7 _aElectronic books.
_2lcsh
776 1 _z9780415602167
776 1 _z0415602165
776 1 _z9780415584142
856 4 0 _uhttp://www.tandfebooks.com/isbn/9780203835357
999 _c12987
_d12986